00981nam a2200277 a 450000500170000000800410001702000150005804000350007304100080010804400070011608200100012310000280013324500860016125000220024726000510026930000650032049000660038550000310045165000540048265000260053665000340056265000110059665000240060765000190063170000530065020170927180146.0080604s2009 ck a jr 00010dspa d z9589798126 aCO-BoBLA cCO-BoBLAdCO-BoIAvH aspa ack04aI598 1 aUribe, Cristina.d1956-10aAmelia Cantor : bArauco de Cañoverde / ctexto y fotografías Cristina Uribe. aSegunda edición3 aBogotá : bCristina Uribe Ediciones, c2006. a33 páginas : bfotografías a color ; c23 centímetros. aLibros Educativos - Aprendiendo sobre el mundo en que vivimos aGlosario : páginas 32-3314aAvesx Hábitos y conductav Literatura juvenil.14aAvesv Fotografías.14aAvesxAraucozAmerica del Sur14aJamuco14aBuitre de ciénaga14aAnhima cornuta1 aUribe Hurtado, Cristina, d1956-, efotógrafa.